Fraud analytics : (Record no. 55444)
[ view plain ]
| 000 -LEADER | |
|---|---|
| fixed length control field | 01734nam a2200421 i 4500 |
| 001 - CONTROL NUMBER | |
| control field | ebr10899791 |
| 003 - CONTROL NUMBER IDENTIFIER | |
| control field | CaPaEBR |
| 006 - FIXED-LENGTH DATA ELEMENTS--ADDITIONAL MATERIAL CHARACTERISTICS--GENERAL INFORMATION | |
| fixed length control field | m o d |
| 007 - PHYSICAL DESCRIPTION FIXED FIELD--GENERAL INFORMATION | |
| fixed length control field | cr cn||||||||| |
| 008 - FIXED-LENGTH DATA ELEMENTS--GENERAL INFORMATION | |
| fixed length control field | 140807t20142014njuad o 001 0 eng d |
| 020 ## - INTERNATIONAL STANDARD BOOK NUMBER | |
| Cancelled/invalid ISBN | 9781118230688 |
| International Standard Book Number | 9781118286999 (e-book) |
| Cancelled/invalid ISBN | 9781118282731 (ePub) |
| 040 ## - CATALOGING SOURCE | |
| Original cataloging agency | CaPaEBR |
| Language of cataloging | eng |
| Description conventions | rda |
| -- | pn |
| Transcribing agency | CaPaEBR |
| 035 ## - SYSTEM CONTROL NUMBER | |
| System control number | (OCoLC)870299936 |
| 050 14 - LIBRARY OF CONGRESS CALL NUMBER | |
| Classification number | HV8079.F7 |
| Item number | .S68 2014eb |
| 082 04 - DEWEY DECIMAL CLASSIFICATION NUMBER | |
| Classification number | 658.4/73 |
| Edition number | 23 |
| 100 1# - MAIN ENTRY--PERSONAL NAME | |
| Personal name | Spann, Delena D., |
| Dates associated with a name | 1967- |
| Relator term | author. |
| 245 10 - TITLE STATEMENT | |
| Title | Fraud analytics : |
| Remainder of title | strategies and methods for detection and prevention / |
| Statement of responsibility, etc | Delena D. Spann. |
| 264 #1 - PRODUCTION, PUBLICATION, DISTRIBUTION, MANUFACTURE, AND COPYRIGHT NOTICE | |
| Place of production, publication, distribution, manufacture | Hoboken, New Jersey : |
| Name of producer, publisher, distributor, manufacturer | Wiley, |
| Date of production, publication, distribution, manufacture, or copyright notice | 2014. |
| Date of production, publication, distribution, manufacture, or copyright notice | �2014 |
| 300 ## - PHYSICAL DESCRIPTION | |
| Extent | 1 online resource (174 pages) : |
| Other physical details | illustrations, charts. |
| 336 ## - CONTENT TYPE | |
| Content type term | text |
| Source | rdacontent |
| 337 ## - MEDIA TYPE | |
| Media type term | computer |
| Source | rdamedia |
| 338 ## - CARRIER TYPE | |
| Carrier type term | online resource |
| Source | rdacarrier |
| 490 1# - SERIES STATEMENT | |
| Series statement | Wiley Corporate F & A |
| 500 ## - GENERAL NOTE | |
| General note | Includes index. |
| 588 ## - SOURCE OF DESCRIPTION NOTE | |
| Source of description note | Description based on print version record. |
| 590 ## - LOCAL NOTE (RLIN) | |
| Local note | Electronic reproduction. Palo Alto, Calif. : ebrary, 2014. Available via World Wide Web. Access may be limited to ebrary affiliated libraries. |
| 650 #0 - SUBJECT ADDED ENTRY--TOPICAL TERM | |
| Topical term or geographic name as entry element | Fraud. |
| Topical term or geographic name as entry element | Fraud investigation. |
| Topical term or geographic name as entry element | Fraud |
| General subdivision | Prevention. |
| 655 #0 - INDEX TERM--GENRE/FORM | |
| Genre/form data or focus term | Electronic books. |
| 776 08 - ADDITIONAL PHYSICAL FORM ENTRY | |
| Display text | Print version: |
| Main entry heading | Spann, Delena D., 1967- |
| Title | Fraud analytics : strategies and methods for detection and prevention. |
| Place, publisher, and date of publication | Hoboken, New Jersey : Wiley, c2014 |
| Physical description | xvi, 156 pages |
| Series data for related item | Wiley corporate F & A. |
| International Standard Book Number | 9781118230688 |
| Record control number | 2013019909 |
| 797 2# - LOCAL ADDED ENTRY--CORPORATE NAME (RLIN) | |
| Corporate name or jurisdiction name as entry element | ebrary. |
| 830 #0 - SERIES ADDED ENTRY--UNIFORM TITLE | |
| Uniform title | Wiley corporate F & A. |
| 856 40 - ELECTRONIC LOCATION AND ACCESS | |
| Uniform Resource Identifier | <a href="http://site.ebrary.com/lib/rucke/Doc?id=10899791">http://site.ebrary.com/lib/rucke/Doc?id=10899791</a> |
| Public note | An electronic book accessible through the World Wide Web; click to view |
No items available.
